Truppenstärke der Nato nach Staaten - Statistiken

Allgemein
  • Dieses Quiz wurde 213 mal gespielt
  • Das Durchschnittsergebnis liegt bei 9 aus 10
Antwortstatistiken
Hint Antwort % Korrekt
189 Deutschland
98%
208 Frankreich
98%
1.351 USA
98%
123 Spanien
96%
174 Italien
93%
121 Polen
91%
445 Türkei
80%
156 Großbritannien
73%
106 Griechenland
67%
76 Rumänien
59%
Keine übereinstimmenden Quizze gefunden
Verteilung der Resultate
Anzahl Personen mit jedem Resultat
Perzentil nach korrekt beantworteten Fragen
Ihre Resultats-Entwicklung
Sie haben dieses Quiz noch nicht gespielt